书目信息 |
| 题名: |
蒲草
|
|
| 作者: | 王大濛 著 | |
| 分册: | ||
| 出版信息: | 济南 山东画报出版社 2016 |
|
| 页数: | 211页 | |
| 开本: | 23cm | |
| 丛书名: | ||
| 单 册: | ||
| 中图分类: | S645.9 , S645 | |
| 科图分类: | ||
| 主题词: | 香蒲科--xiang pu ke--随笔--园艺 | |
| 电子资源: | ||
| ISBN: | 978-7-5474-1875-8 | |
| 000 | 00911nam 2200265 450 | |
| 001 | 1656060672 | |
| 005 | 20160623135820.3 | |
| 010 | @a978-7-5474-1875-8@dCNY45.00 | |
| 100 | @a20160623d2016 em y0chiy50 ea | |
| 101 | 0 | @achi |
| 102 | @aCN@b370000 | |
| 105 | @aa z 000yy | |
| 106 | @ar | |
| 200 | 1 | @a蒲草@Apu cao@e好光阴玩物养志@f王大濛著 |
| 210 | @a济南@c山东画报出版社@d2016 | |
| 215 | @a211页@c彩图@d23cm | |
| 330 | @a总有些好时光就是用来消磨的。养花种草,刻印,做壶,都是消磨时光的好方式,玩物,养志。菖蒲很早就摆在了文人案头,清赏,闲玩。本书就是一册养殖和欣赏菖蒲的必读书,书中所有菖蒲均为王大濛先生手植。 | |
| 333 | @a大众读者。 | |
| 517 | 1 | @a好光阴玩物养志@Ahao guang yin wan wu yang zhi |
| 606 | @a香蒲科@Axiang pu ke@x随笔@x园艺 | |
| 690 | @aS645.9@v5 | |
| 690 | @aS645@v4 | |
| 701 | 0 | @a王大濛@Awang da meng@4著 |
| 801 | 0 | @CN@aCN@b江苏新华@c20150511 |
| 905 | @aBZT@dS645@e122 | |
| 蒲草:好光阴玩物养志/王大濛著.-济南:山东画报出版社,2016 |
| 211页:彩图;23cm |
| 使用对象:大众读者。 |
| ISBN 978-7-5474-1875-8:CNY45.00 |
| 总有些好时光就是用来消磨的。养花种草,刻印,做壶,都是消磨时光的好方式,玩物,养志。菖蒲很早就摆在了文人案头,清赏,闲玩。本书就是一册养殖和欣赏菖蒲的必读书,书中所有菖蒲均为王大濛先生手植。 |
| ● |
| 相关链接 |
|
|
|
正题名:蒲草
索取号:S645/122
 
预约/预借
| 序号 | 登录号 | 条形码 | 馆藏地/架位号 | 状态 | 备注 |
| 1 | 796339 | 2000796339 | 第二书库/ [索取号:S645/122] | 在馆 | |
| 2 | 796340 | 2000796340 | 第二书库/ [索取号:S645/122] | 在馆 | |
| 3 | 796341 | 2000796341 | 第二书库/ [索取号:S645/122] | 在馆 |